Представление документа в формате MARC21

Поле Инд. ПП Название Значение
Тип записи a
Библиографический уровень m
001 Контрольный номер ee08cdccef6d41ba875a4db943049d0b
005 Дата корректировки 20230913120454.4
020 a ISBN 978-5-09-102549-1
040 a Служба первич. каталог. НБ ТвГУ
b Код языка каталог. rus
e Правила каталог. PSBO
041 0_ a Код языка текста rus
080 a Индекс УДК 94(100)"18/19"(075.8)
084 a Индекс другой классификации/Индекс ББК Т3(0)5я721-1
090 a Полочн. индекс Т3(0)5
x Авторский знак В 84
097 b Оператор Semenova.ZR
245 10 a Заглавие Всеобщая история. История Нового времени. XIX-начало XX века. 9 класс
b Продолж. заглавия учебник
c Ответственность под общей редакцией В. Р. Мединского
246 10 a Другая форма заглавия История. Всеобщая история
246 10 a Другая форма заглавия Всеобщая история. 9 класс
260 c Дата издания 2023
a Место издания Москва
b Издательство Просвещение
300 a Объем 223 с.
b Иллюстрации/ тип воспроизводства ил., цв. ил., карт., табл.
440 _0 a Серия ФГОС
504 a Библиография Библиогр.: с. 221
520 0_ a Аннотация В учебнике освещаются политика и дипломатия, экономика и культура XIX в. История предстает как единый процесс, в котором наряду с великими открытиями, страшными войнами и социальными преобразованиями была и повседневная жизнь с ее тревогами и заботами. Богатый иллюстративный материал, карты, документы, выдержки из трудов историков и разноуровневые задания, которыми насыщен учебник, позволяют реализовать системно-деятельностный подход, способствуют формированию умений учащихся самостоятельно работать с информацией и использовать ее в практической деятельности. Учебник разработан в соответствии со всеми требованиями ФГОС ООО, утвержденного Приказом Министерства просвещения № 287 от 31.05.2021 г., и Примерной рабочей программы основного общего образования по истории.
653 0_ a Ключевые слова Всеобщая история
a Ключевые слова Всемирная история 19-20 вв.
a Ключевые слова Мировая история 19-20 вв.
a Ключевые слова История Нового времени
a Ключевые слова 19-20 вв.
a Ключевые слова Новое время
a Ключевые слова Всеобщая история Нового времени
a Ключевые слова Учебники для средней школы
a Ключевые слова 9 класс
a Ключевые слова ФГОС
700 12 a Другие авторы Морозов А. Ю.
q Полное имя Морозов Александр Юрьевич
700 12 a Другие авторы Абдулае Энвер Нажмутинович
700 12 a Другие авторы Тырин Сергей Владимирович
700 12 a Другие авторы Чиликин Константин Петрович
700 12 a Другие авторы Мединский В. Р.
e Роль лиц Редактор
901 t Тип документа m
910 a Гриф есть*
920 a Оператор Семен
a Оператор Петр
930 a Новая/Ретро новая
952 c Вид литературы К ру
954 b Дата поступления в ОК 20230907
c Дата окончания ОНО 20230913